Just Keep Watching - Tate McRae (Full Lyrics) - Statistics

General Stats
  • This quiz has been taken 22 times
  • The average score is 206 of 314
Answer Stats
Answer % Correct
I
90%
Just
90%
just
90%
keep
90%
my
90%
watchin'
90%
what
90%
the
85%
back
80%
you
80%
You
80%
down
75%
like
75%
on
75%
this
75%
by
70%
go
70%
hair
70%
one
70%
wanna
70%
Wanna
70%
let
65%
me
65%
night
65%
your
65%
Your
65%
Eyes
60%
for
60%
that
60%
to
60%
'em
55%
here
55%
it
55%
tell
55%
Tell
55%
track
55%
wrist
55%
ain't
50%
If
50%
if
50%
in
50%
is
50%
lights
50%
out
50%
start
50%
Twist
50%
with
50%
archin'
45%
buyin'
45%
Goes
45%
how
45%
It's
45%
right
45%
But
40%
don't
40%
face
40%
know
40%
make
40%
mind
40%
move
40%
Show
40%
show
40%
staring
40%
Take
40%
take
40%
'til
40%
up
40%
all
35%
All
35%
alright
35%
can't
35%
difficult
35%
friends
35%
I'll
35%
I'm
35%
love
35%
place
35%
time
35%
give
30%
they
30%
try
30%
from
25%
might
25%
Ooh
25%
where
25%
While
25%
Cause
20%
Mm
15%
mm-mm
5%
mm-mm-mm
5%
No matching quizzes found
Score Distribution
Percent of People with Each Score
Percentile by Number Answered
Your Score History
You have not taken this quiz